000 00317nam a22001457a 4500
008 210514b ||||| |||| 00| 0 eng d
020 _a2900807842361
041 _aeng
080 _a82
082 _a82
100 _a16
101 _aSHH
245 _aWork and Labor in Early America
_cInnes,S
942 _2udc
_cBK
999 _c57330
_d57330